Statistics for Sports in Europe

Click here to take the quiz!

General Stats

  • This quiz has been taken 112 times
  • The average score is 10 of 15

Answer Stats

HintAnswer% Correct
Country where footballer Zlatan Ibrahimović is bornSweden
92%
Top football league in GermanyBundesliga
91%
Country where the first ever olympic games were held in 776 B.CGreece
91%
Top football league in ItalySerie A
84%
City that is going to host the 2024 Summer OlympicsParis
82%
Winner of the UEFA Champions League 2020FC Bayern Munich
77%
London football arena where Arsenal play their home gamesEmirates Stadium
75%
Irish former UFC championConor McGregor
72%
Country with around 350,000 inhabitants that qualified for the 2018 FIFA World CupIceland
69%
Country that has won the most medals in the winter olympicsNorway
69%
Sport that originally started as a substitute for rugby football in rivers and lakesWater Polo
55%
Winter sport that combines cross-country skiing and rifle shootingBiathlon
50%
Teamsport where Barcelona and Kiel are two very known teamsHandball
48%
French term that is the first thing the referee says before each round in fencingEn Garde
35%
Swedish indoor teamsport where the players use a stick as equipmentFloorball
18%

Score Distribution

Percentile by Number Answered

Percent of People with Each Score

Your Score History

You have not taken this quiz